000 00574nam a2200193Ia 4500
003 IN-BaIIA
008 211028s9999 xx 000 0 eng d
020 _a978-0-19-806969-0
040 _cIIA Library
080 _a7.032.14
_bTHA
100 _aThapar, Valmik
_933997
245 4 _aThe Tiger
_bsoul of India
_cValmik Thapar
260 _aNew Delhi
_bOxford University Press
_c2011
300 _axv, 168p.
650 _aIndian art-Tiger
_933998
650 _aThe art
_933999
650 _aTiger-Indian art
_934000
942 _cBK
999 _c17881
_d17881